000 01157cam a22003257a 4500
003 CHAP
005 20220329141028.0
008 971013s1996 r 00010 d
010 _a61515
011 _a62487
035 _a66661
040 _cCHAP
090 _aTesis
100 0 0 _aRamírez García, Adán Guillermo.
_994003
245 1 3 _aLa educación ambiental en las radios alternativas del Estado de México y el Distrito Federal, propuesta para Radio Universidad Autónoma Chapingo
260 _aChapingo, Méx. :
_bEl autor,
_c1996
300 _a153 h.
502 _aTesis (Ing. en Agroecología) -- UACH. Departamento de Agroecología
590 _aALEPH
_b10
_c20130110
_lUCH01
_h1343
590 _aBATCH-UPD
_b10
_c20130110
_lUCH01
_h1223
590 _aBATCH-UPD
_b10
_c20130410
_lUCH01
_h0757
590 _aBATCH-UPD
_b10
_c20130914
_lUCH01
_h1244
590 _aCONVERSION
_b10
_c20130109
_lUCH01
_h1333
650 1 4 _aEducación ambiental.
_935556
650 1 4 _aRadio en educación.
_993691
901 _aBK
942 _cFOLL
949 _bBC
_cTES
_d-151881
_eTS1
_h29955
_i66661
_si
949 _bBC
_cTES
_d33724000624359
_eTS2
_fc.2
_h29956
_i66661
_si
999 _c61515
_d61515